[Event "36th ECC Open 2021"]
[Site "Struga MKD"]
[Date "2021.09.24"]
[Round "7.18"]
[Board "3"]
[White "Pacher, Simon"]
[Black "Agrest, Inna"]
[Result "0-1"]
[BlackTitle "WIM"]
[WhiteElo "1992"]
[BlackElo "2256"]
[WhiteTeam "SV Raika Rapid Feffernitz"]
[BlackTeam "Team Pelaro Alingsas"]
[WhiteFideId "1621084"]
[BlackFideId "1708830"]
[EventDate "2021.09.18"]
[EventType "team"]

1. e4 e5 2. Nf3 Nc6 3. Bb5 a6 4. Bxc6 dxc6 5. O-O Qf6 6. d4 exd4 7. Bg5 Qd6 8.
Nxd4 Be7 9. Be3 Nh6 10. f3 g5 11. Nd2 Rg8 12. Qe2 Qg6 13. g4 f6 14. Rad1 Nf7 15.
Nf5 Bf8 16. Nc4 Be6 17. Nd4 Nd8 18. Nxe6 Nxe6 19. Na5 b5 20. Nxc6 Bd6 21. c4
bxc4 22. Qxc4 Qf7 23. Rd5 Kf8 24. Rfd1 h5 25. e5 fxe5 26. Nxe5 Bxe5 27. Rxe5 Rg6
28. Rf5 Rf6 29. Rdd5 hxg4 30. fxg4 Kg7 31. Bxg5 Rxf5 32. Rxf5 Qd7 33. Qc3+ Kg8
34. Qf3 Re8 35. Rd5 Qc6 36. Qd3 Qb6+ 37. Be3 Qxb2 38. Qg6+ Ng7 39. Rd2 Qa1+ 40.
Kf2 Rf8+ 41. Bf4 Rxf4+ 42. Kg3 Qe5 43. Kg2 Rf8 44. h3 Qf4 45. Qd3 a5 46. Qd5+
Kh8 47. Qxa5 Qe4+ 48. Kg1 Qe1+ 0-1

[Event "36th ECC Open 2021"]
[Site "Struga MKD"]
[Date "2021.09.24"]
[Round "7.18"]
[Board "4"]
[White "Rasti, Arvin"]
[Black "Loescher, Leon"]
[Result "1-0"]
[WhiteElo "2219"]
[BlackElo "1847"]
[WhiteTeam "Team Pelaro Alingsas"]
[BlackTeam "SV Raika Rapid Feffernitz"]
[WhiteFideId "1741160"]
[BlackFideId "1623915"]
[EventDate "2021.09.18"]
[EventType "team"]

1. d4 d5 2. Nf3 Nf6 3. c4 e6 4. g3 Bb4+ 5. Bd2 Be7 6. Bg2 O-O 7. O-O Nc6 8. Qc2
Ne4 9. a3 Bf6 10. e3 a5 11. Nc3 Nxc3 12. Bxc3 b6 13. Rfc1 Bb7 14. Nd2 a4 15.
cxd5 exd5 16. Nb1 Qd7 17. Bd2 Rfe8 18. Nc3 Bxd4 19. exd4 Nxd4 20. Qd3 Nb3 21.
Rab1 Nxc1 22. Rxc1 Red8 23. Bg5 f6 24. Bf4 c5 25. Rd1 d4 26. Ne4 Bd5 27. Bf3
Rac8 28. Rd2 Qe6 29. Qb1 g5 30. Re2 Qf5 31. Qe1 gxf4 32. Bg4 Qg6 33. Bxc8 Rxc8 1-0

[Event "36th ECC Open 2021"]
[Site "Struga MKD"]
[Date "2021.09.24"]
[Round "7.18"]
[Board "5"]
[White "Tscharnuter, Noah"]
[Black "Wengholm, Anders"]
[Result "0-1"]
[WhiteElo "1897"]
[BlackElo "2198"]
[WhiteTeam "SV Raika Rapid Feffernitz"]
[BlackTeam "Team Pelaro Alingsas"]
[WhiteFideId "1636235"]
[BlackFideId "1704818"]
[EventDate "2021.09.18"]
[EventType "team"]

1. e4 d6 2. d4 Nf6 3. Nc3 g6 4. f4 Bg7 5. Nf3 O-O 6. e5 dxe5 7. fxe5 Nh5 8. Bc4
c5 9. d5 Bg4 10. O-O Bxe5 11. h3 Bd4+ 12. Kh1 Ng3+ 13. Kh2 Qd6 14. Nb5 Nxf1+ 15.
Kh1 Qh2+ 16. Nxh2 Ng3# 0-1

[Event "36th ECC Open 2021"]
[Site "Struga MKD"]
[Date "2021.09.24"]
[Round "7.18"]
[Board "6"]
[White "Johansson, Eva"]
[Black "Valtiner, Adamo"]
[Result "0-1"]
[WhiteElo "1847"]
[BlackElo "1946"]
[WhiteTeam "Team Pelaro Alingsas"]
[BlackTeam "SV Raika Rapid Feffernitz"]
[WhiteFideId "1724584"]
[BlackFideId "1647962"]
[EventDate "2021.09.18"]
[EventType "team"]

1. d4 Nf6 2. Nf3 c5 3. g3 cxd4 4. Nxd4 e5 5. Nf3 Nc6 6. Bg2 Bc5 7. e3 d5 8. O-O
Bg4 9. h3 Bh5 10. Qe1 O-O 11. a3 Qd7 12. Nbd2 e4 13. Nh2 Rfe8 14. b4 Bb6 15. c3
Ne5 16. g4 Nd3 17. Qe2 Bg6 18. Nb3 Qd6 19. Rd1 Rac8 20. Bd2 Bc7 21. Nf1 h5 22.
Nd4 Qd7 23. f3 exf3 24. Bxf3 hxg4 25. hxg4 Ne5 26. g5 Ne4 27. Qg2 Nxf3+ 28. Nxf3
Bh5 29. Be1 Qf5 30. Nh4 Qd7 31. Rdc1 Re5 32. Nf3 Bxf3 33. Qxf3 Rxg5+ 34. Kh1 Qe6
35. Rc2 Qg6 36. Rg2 Qh6+ 37. Kg1 Rh5 38. Re2 Be5 39. Raa2 Rc6 40. Nh2 Rg6+ 41.
Kh1 Rhg5 0-1

[Event "36th ECC Open 2021"]
[Site "Struga MKD"]
[Date "2021.09.24"]
[Round "7.19"]
[Board "1"]
[White "Vogel, Constantin"]
[Black "Cramling, Dan"]
[Result "1/2-1/2"]
[BlackTitle "IM"]
[WhiteElo "2149"]
[BlackElo "2292"]
[WhiteTeam "St Benildus"]
[BlackTeam "Wasa SK"]
[WhiteFideId "12960071"]
[BlackFideId "1700162"]
[EventDate "2021.09.18"]
[EventType "team"]

1. c4 c5 2. Nf3 g6 3. e4 Bg7 4. d4 Qb6 5. dxc5 Qxc5 6. Nc3 Bxc3+ 7. bxc3 Qa5 8.
Be2 Nc6 9. O-O Nf6 10. Qc2 O-O 11. Rb1 d6 12. Rb5 Qc7 13. c5 dxc5 14. Rxc5 b6
15. Rg5 e5 16. Ba3 Rd8 17. Bb5 Bb7 18. Qe2 h6 19. Rg3 Na5 20. Nd2 Kh7 21. Bc1
Nh5 22. Re3 a6 23. Ba4 Nf4 24. Qf3 f5 25. Bc2 Ne6 26. Rd3 Nc5 27. Rxd8 Rxd8 28.
Qh3 f4 29. g3 Bc8 30. Qh4 g5 31. Qh5 Qg7 32. Nb3 Nc4 33. Nxc5 bxc5 34. Rd1 Rxd1+
35. Qxd1 Qd7 36. Qxd7+ Bxd7 37. Kg2 Bc6 38. f3 Nd6 39. h4 Kg6 40. hxg5 hxg5 41.
gxf4 gxf4 42. Ba3 Nb7 43. Bb3 a5 44. Kh3 Kf6 45. Kh4 Kg6 46. Bg8 Kf6 47. c4 Kg6
48. Be6 Kf6 49. Bg8 Kg6 50. Be6 Kf6 1/2-1/2

[Event "36th ECC Open 2021"]
[Site "Struga MKD"]
[Date "2021.09.24"]
[Round "7.19"]
[Board "2"]
[White "Nordstrom, Felix"]
[Black "Putar, Leon"]
[Result "1-0"]
[WhiteTitle "FM"]
[WhiteElo "2083"]
[BlackElo "1918"]
[WhiteTeam "Wasa SK"]
[BlackTeam "St Benildus"]
[WhiteFideId "1701509"]
[BlackFideId "14546612"]
[EventDate "2021.09.18"]
[EventType "team"]

1. d4 Nf6 2. c4 g6 3. Nc3 d5 4. Nf3 Bg7 5. e3 O-O 6. Qb3 e6 7. Bd2 b6 8. Be2 Bb7
9. cxd5 Nxd5 10. O-O Nd7 11. Rfd1 Qe7 12. Rac1 Rac8 13. Qa4 a5 14. Nxd5 exd5 15.
Bb5 Rfd8 16. Bc6 Bxc6 17. Rxc6 Nb8 18. Rc2 Qd7 19. Qb3 f6 20. Rdc1 Bf8 21. Qd3
Kg7 22. h3 Bd6 23. Bc3 Qe6 24. Be1 Rd7 25. Qb5 h5 26. b4 c6 27. Qa4 axb4 28.
Bxb4 Bc7 29. h4 Kh7 30. Qb3 g5 31. hxg5 Rg8 32. Re1 Qg4 33. Qd3+ f5 34. Kf1 h4
35. Nxh4 Rxg5 36. Nf3 Qxg2+ 37. Ke2 Rh5 38. Rg1 Qh3 39. Ng5+ Rxg5 40. Rxg5 Rf7
41. Kd2 Nd7 42. Rxc6 Nf6 43. Rxf5 Ne4+ 44. Qxe4 Rxf5 45. Rxc7+ Kg6 46. Qe6+ Rf6
47. Qxh3 1-0

[Event "36th ECC Open 2021"]
[Site "Struga MKD"]
[Date "2021.09.24"]
[Round "7.19"]
[Board "3"]
[White "Putar, Lara"]
[Black "Wenzel, Birger"]
[Result "0-1"]
[WhiteElo "1930"]
[BlackElo "1974"]
[WhiteTeam "St Benildus"]
[BlackTeam "Wasa SK"]
[WhiteFideId "14546604"]
[BlackFideId "4657497"]
[EventDate "2021.09.18"]
[EventType "team"]

1. d4 Nf6 2. g3 d5 3. c4 c6 4. Bg2 Bf5 5. Qb3 Qb6 6. cxd5 Bxb1 7. Rxb1 Qxb3 8.
axb3 cxd5 9. Nf3 Nc6 10. O-O e6 11. Bf4 Be7 12. Bg5 Ne4 13. Bxe7 Kxe7 14. Rfd1
Rhc8 15. Nd2 Nxd2 16. Rxd2 Nb4 17. e4 Kd6 18. exd5 Nxd5 19. Re1 Rc7 20. f4 Rac8
21. Ree2 b6 22. f5 Rc1+ 23. Kf2 Nf6 24. Bh3 Rh1 25. Kg2 Rcc1 26. fxe6 Rcf1 27.
Rf2 Rfg1+ 28. Kf3 fxe6 29. Rfe2 Re1 30. Bxe6 Rhf1+ 31. Kg2 Rg1+ 32. Kh3 Ne4 33.
Rxe4 Rxe4 34. d5 h5 35. Rc2 b5 36. Rc6+ Ke5 37. Bf7 h4 38. Rg6 hxg3 39. hxg3 Rd4
40. Rxg7 Kf6 41. Rh7 Rh1+ 0-1

[Event "36th ECC Open 2021"]
[Site "Struga MKD"]
[Date "2021.09.24"]
[Round "7.19"]
[Board "4"]
[White "Andric, Jelena"]
[Black "Healy, John"]
[Result "1-0"]
[WhiteTitle "WFM"]
[WhiteElo "2056"]
[BlackElo "1889"]
[WhiteTeam "Wasa SK"]
[BlackTeam "St Benildus"]
[WhiteFideId "919853"]
[BlackFideId "2500965"]
[EventDate "2021.09.18"]
[EventType "team"]

1. c4 e5 2. Nc3 Bb4 3. g3 Bxc3 4. dxc3 d6 5. Bg2 Nc6 6. c5 Be6 7. cxd6 cxd6 8.
Nf3 f6 9. O-O Nge7 10. b4 Qd7 11. a4 O-O 12. Ba3 Rfd8 13. Nd2 d5 14. Nb3 b6 15.
b5 Na5 16. Nxa5 bxa5 17. c4 e4 18. c5 Ng6 19. f4 exf3 20. Rxf3 Ne5 21. Rf4 Rac8
22. c6 Qc7 23. Bc5 a6 24. Rd4 Re8 25. Bxd5 axb5 26. Bxe6+ Rxe6 27. axb5 Nxc6 28.
bxc6 Rxc6 29. Rd7 Qe5 30. Bd4 Qe6 31. Bf2 a4 32. Rd8+ Rxd8 33. Qxd8+ Kf7 34. Rd1
Kg6 35. Qd3+ Kh6 36. Be3+ g5 37. Bf2 a3 38. Qxa3 Qxe2 39. Re1 Qc4 40. Qf8+ Kg6
41. Re7 Qc2 42. Qg7+ Kh5 43. Qxh7+ Qxh7 44. Rxh7+ Kg6 45. Re7 g4 46. Re2 Ra6 47.
Rb2 Ra4 48. Kg2 Rc4 49. Be3 Kf5 50. Rf2+ Ke6 51. h3 gxh3+ 52. Kxh3 f5 53. Rf4
Rc8 54. Ra4 Rc3 55. Bf4 Rc8 56. Ra6+ Kf7 57. Be5 Rc2 58. Rf6+ Ke7 59. Rxf5 Ke6
60. Kg4 1-0

[Event "36th ECC Open 2021"]
[Site "Struga MKD"]
[Date "2021.09.24"]
[Round "7.19"]
[Board "5"]
[White "Burke, Kevin A."]
[Black "Eriksson, Lennarth"]
[Result "0-1"]
[WhiteElo "1883"]
[BlackElo "1941"]
[WhiteTeam "St Benildus"]
[BlackTeam "Wasa SK"]
[WhiteFideId "2501520"]
[BlackFideId "1707736"]
[EventDate "2021.09.18"]
[EventType "team"]

1. e4 d6 2. d4 Nf6 3. Nc3 g6 4. f4 Bg7 5. Nf3 c5 6. Bb5+ Bd7 7. e5 Ng4 8. e6
Bxb5 9. exf7+ Kd7 10. Nxb5 Qa5+ 11. Nc3 cxd4 12. Nxd4 h5 13. Qd3 Nc6 14. Ne2 Qb6
15. Nd1 Qa5+ 16. Bd2 Qf5 17. Qb3 Rab8 18. h3 Nh6 19. Ne3 Qxf7 20. Qxf7 Nxf7 21.
O-O-O b5 22. Bc3 e5 23. fxe5 Nfxe5 24. Nd4 Bh6 25. Rhe1 Nc4 26. Nxc6 Kxc6 27.
Bd4 Rhe8 28. Rd3 Re4 29. b3 Ne5 30. Bxe5 Rxe5 31. Kd2 Rbe8 32. c3 d5 33. Re2 b4
34. Re1 Rxe3 35. Rdxe3 Rxe3 36. Rxe3 bxc3+ 37. Kd3 Bxe3 38. Kxe3 Kc5 39. a3 h4
40. Kd3 d4 41. Kc2 a5 42. Kd3 Kd5 0-1

[Event "36th ECC Open 2021"]
[Site "Struga MKD"]
[Date "2021.09.24"]
[Round "7.19"]
[Board "6"]
[White "Minovski, Gjorgji"]
[Black "Putar, Slavko"]
[Result "1/2-1/2"]
[WhiteElo "1917"]
[BlackElo "1676"]
[WhiteTeam "Wasa SK"]
[BlackTeam "St Benildus"]
[WhiteFideId "15003205"]
[BlackFideId "14557517"]
[EventDate "2021.09.18"]
[EventType "team"]

1. e4 e6 2. Nf3 d5 3. exd5 exd5 4. d4 Bd6 5. Bd3 Ne7 6. O-O Bf5 7. Bg5 f6 8. Bh4
O-O 9. Re1 Bxd3 10. Qxd3 c6 11. Nbd2 Na6 12. c3 Qd7 13. Bg3 Bxg3 14. hxg3 Rae8
15. Nh4 Nc7 16. Nb3 b6 17. Re3 Qg4 18. Rae1 Ng6 19. Nxg6 Qxg6 20. Qxg6 hxg6 21.
Re7 Rxe7 22. Rxe7 Rf7 23. Re3 Kf8 24. Kf1 Ne8 25. Ke2 Re7 26. Kd3 Nd6 27. Nd2
Kf7 28. b3 f5 29. f3 g5 30. a4 f4 31. Rxe7+ Kxe7 32. g4 Nb7 1/2-1/2